Polskie zespoły muzyczne - Nagła śmierć - Statystyki

Ogólne statystyki
  • Ten quiz został rozwiązany 247 razy
  • Średni wynik to 9 z 16
Answers on the Grid
Answers color-coded by a green-red scale on the quiz's grid according to % correct below.
T. Love
Sanah
Bronski Beat
Beck
Bloc Party
Lao Che
Danzig
Farben Lehre
Vader
Filter
Daab
Krokus
Ludo
Hurt
Perfect
Omega
Lady Pank
Moby
Tilt
Indila
Dinosaur Jr.
Yugopolis
AFI
Extreme
Coma
Abradab
Enej
Lana Del Rey
OK Go
Golden Life
Organek
Yeah Yeah Yeahs
 
Statystyki odpowiedzi
Odpowiedź % Poprawnych
T. Love
92%
Lady Pank
85%
Perfect
85%
Enej
80%
Sanah
78%
Organek
63%
Coma
60%
Yugopolis
60%
Daab
42%
Hurt
42%
Lao Che
42%
Farben Lehre
40%
Golden Life
38%
Abradab
32%
Tilt
30%
Vader
28%
Nie znaleziono quizów pasujących do podanych kryteriów
Rozkład punktacji
Procent ludzi z każdym wynikiem
Percentyl według liczby udzielonych odpowiedzi
Twoja historia wyników
Nie rozwiązałeś tego quizu